000 00851nam a2200217Ia 4500
999 _c40301
_d40301
001 6909
003 GE_BSU
005 20200205121548.0
008 181216s||||||||xx |||||||||||||| ||und||
040 _cGE_BSU
041 _ageo
080 _a821.353.1 გ-85
100 _aგრიშაშვილი, იოსებ.
_96813
245 _aტომი 2 : ლექსები 1922-1961 :
_bთარგმანები /
_cიოსებ გრიშაშვილი ; რედ. ვ. ჯავახაძე.
264 _aთბილისი :
_bსაბჭ.საქართველო,
_c1962.
300 _a422 გვ. ;
_c22 სმ.
653 _aლექსები 1922-1961
653 _aთარგმანები
700 _aჯავახაძე, ვ.
_eრედაქტორი
_93758
942 _cBK
_2udc